Talianska literatúra po roku 1945 autori, diela, slovenský recepčný kontext

Bibliographic Details
Main Author: Šuša, Ivan, 1979- (Author)
Other Authors: Rusnáková, Natália, 1982- (Reviewer), Šavelová, Monika, 1989- (Reviewer), Jahnátková, Andrea (Bookjacket designer)
Format: Book
Language:Slovak
PhysicalDescription:232 strán 21 cm
Published: V Bratislave Univerzita Komenského v Bratislave 2025
ISBN:9788022360777
Edition:Prvé vydanie
Subjects:

MARC

LEADER 00000nam a2200000 4500
001 vtls012291628
003 SK-MaSNL
005 20260422110214.0
008 260217s2025 xo f np 001 0dslo
020 |a 9788022360777  |q (brožované) 
038 |a SNK 
040 |a SNK  |b slo  |c SNK  |e rda 
041 0 |a slo 
043 |a e-it--- 
044 |a xo  |c SK 
072 7 |a 821.131.1.09  |x Talianska literatúra (o nej)  |2 konspekt 
072 7 |a 37.016  |x Učebné osnovy. Vyučovacie predmety. Učebnice  |2 konspekt 
080 |a 821.131.1  |2 2011 
080 |a (075.8)  |2 2011 
080 |a 821.131.1-055.1  |2 2011 
080 |a (450)  |2 2011 
100 1 |a Šuša, Ivan,  |d 1979-  |4 aut  |9 154686 
245 1 0 |a Talianska literatúra po roku 1945  |b autori, diela, slovenský recepčný kontext  |c Ivan Šuša 
250 |a Prvé vydanie 
264 1 |a V Bratislave  |b Univerzita Komenského v Bratislave  |c 2025 
300 |a 232 strán  |c 21 cm 
336 |a text  |b txt  |2 rdacontent 
337 |a bez média  |b n  |2 rdamedia 
338 |a zväzok  |b nc  |2 rdacarrier 
500 |a Obsahuje profesijné údaje o autorovi na zadnej strane obálky publikácie 
504 |a Obsahuje bibliografiu a register 
648 7 |a 1945-  |2 SNKPH  |9 287702 
650 0 7 |a talianska literatúra  |2 SNKPH  |9 1215 
650 0 7 |a Italian literature  |2 SNKPHeng  |9 307832 
650 0 7 |a talianski spisovatelia  |2 SNKPH  |9 78268 
650 0 7 |a Italian authors  |2 SNKPHeng  |9 376178 
651 7 |a Taliansko  |2 SNKPHgeo  |9 21019 
651 7 |a Italy  |2 SNKPHeng  |9 286419 
655 7 |a učebnice vysokých škôl  |2 SNKPH  |9 70191 
655 7 |a Textbooks (higher)  |2 SNKPHeng  |9 276436 
700 1 |a Rusnáková, Natália,  |d 1982-  |4 rev  |9 258951 
700 1 |a Šavelová, Monika,  |d 1989-  |4 rev  |9 223009 
700 1 |a Jahnátková, Andrea  |4 bjd  |9 60746 
752 |a Slovensko  |d Bratislava 
852 |a Slovenská národná knižnica 
919 |a 978-80-223-6077-7 
958 |a NB 
999 |c 3369002  |d 3370932 
952 |t 1  |a SNK  |b SNK  |y NEVYP  |7 1  |p 17A1509483  |o snkSC 214065  |i snk2026/5902  |8 0  |g 0.00  |0 0  |1 0  |2 udc  |4 0  |d 2026-04-22  |l 0  |r 2026-04-22 11:04:06  |w 2026-04-22